Electro-optics handbook
The book overflows with 1.000 pages of hands-on technical assistance, accompanied by more than 500 helpful illustrations, detailed charts, diagrams, and data tables. It brings readers the latest advances in ever-shrinking elctro-optical circuitry, the entire range of lasers, and all types of X-ray,...
Сохранить в:
| Главный автор: | |
|---|---|
| Формат: | |
| Язык: | Undetermined |
| Опубликовано: |
New York
McGraw-Hill
2000
|
| Предметы: | |
| Метки: |
Добавить метку
Нет меток, Требуется 1-ая метка записи!
|
| Thư viện lưu trữ: | Trung tâm Học liệu Trường Đại học Cần Thơ |
|---|
| LEADER | 00972nam a2200205Ia 4500 | ||
|---|---|---|---|
| 001 | CTU_37728 | ||
| 008 | 210402s9999 xx 000 0 und d | ||
| 020 | |b 1.875.000đ | ||
| 082 | |a 621.36 | ||
| 082 | |b E38 | ||
| 100 | |a Electro-optics handbook | ||
| 245 | 0 | |a Electro-optics handbook | |
| 245 | 0 | |c Electro-optics handbook; Biên tập, hiệu đính: Ronald W. Waynant, Marwood N. Ediger | |
| 260 | |a New York | ||
| 260 | |b McGraw-Hill | ||
| 260 | |c 2000 | ||
| 520 | |a The book overflows with 1.000 pages of hands-on technical assistance, accompanied by more than 500 helpful illustrations, detailed charts, diagrams, and data tables. It brings readers the latest advances in ever-shrinking elctro-optical circuitry, the entire range of lasers, and all types of X-ray, UV, and other electro-optical equipment. | ||
| 650 | |a electrooptical devices - handbooks, manuals, etc | ||
| 904 | |i Minh, 000814 | ||
| 980 | |a Trung tâm Học liệu Trường Đại học Cần Thơ | ||